Normal view
MARC view
Entry Topical Term
001 - CONTROL NUMBER
- control field: 59566
003 - CONTROL NUMBER IDENTIFIER
- control field: OSt
005 - DATE AND TIME OF LATEST TRANSACTION
- control field: 20250508145358.0
008 - FIXED-LENGTH DATA ELEMENTS
- fixed length control field: 250508|| aca||aabn | a|a d
040 ## - CATALOGING SOURCE
- Original cataloging agency: OSt
- Transcribing agency: OSt
150 ## - HEADING--TOPICAL TERM
- Topical term or geographic name entry element: Political science
- General subdivision: Intelligence
- Chronological subdivision: Political freedom and security
670 ## - SOURCE DATA FOUND
- Source citation: Work cat.: (OSt): Sorge, Richard. 59564, An Impeccable Spy:, 2019.